<?xml version="1.0" encoding="UTF-8"?><marc:collection xmlns:marc="http://www.loc.gov/MARC21/slim">
  <marc:record>
    <marc:leader>05865nas a2200985 c 4500</marc:leader>
    <marc:controlfield tag="001">010039775</marc:controlfield>
    <marc:controlfield tag="003">DE-101</marc:controlfield>
    <marc:controlfield tag="005">20250311211122.0</marc:controlfield>
    <marc:controlfield tag="007">tu</marc:controlfield>
    <marc:controlfield tag="008">991118d19711985gw u||p|  b|| 0||||1ger c</marc:controlfield>
    <marc:datafield tag="015" ind1=" " ind2=" ">
      <marc:subfield code="a">85,A46,0291</marc:subfield>
      <marc:subfield code="2">dnb</marc:subfield>
    </marc:datafield>
    <marc:datafield tag="016" ind1="7" ind2=" ">
      <marc:subfield code="2">DE-600</marc:subfield>
      <marc:subfield code="a">2756-X</marc:subfield>
    </marc:datafield>
    <marc:datafield tag="016" ind1="7" ind2=" ">
      <marc:subfield code="2">DE-101</marc:subfield>
      <marc:subfield code="a">010039775</marc:subfield>
    </marc:datafield>
    <marc:datafield tag="022" ind1=" " ind2=" ">
      <marc:subfield code="a">0342-0485</marc:subfield>
    </marc:datafield>
    <marc:datafield tag="035" ind1=" " ind2=" ">
      <marc:subfield code="a">(DE-599)ZDB2756-X</marc:subfield>
    </marc:datafield>
    <marc:datafield tag="035" ind1=" " ind2=" ">
      <marc:subfield code="a">(OCoLC)647794854</marc:subfield>
    </marc:datafield>
    <marc:datafield tag="040" ind1=" " ind2=" ">
      <marc:subfield code="a">9001</marc:subfield>
      <marc:subfield code="b">ger</marc:subfield>
      <marc:subfield code="c">DE-101</marc:subfield>
      <marc:subfield code="d">9999</marc:subfield>
    </marc:datafield>
    <marc:datafield tag="041" ind1=" " ind2=" ">
      <marc:subfield code="a">ger</marc:subfield>
    </marc:datafield>
    <marc:datafield tag="042" ind1=" " ind2=" ">
      <marc:subfield code="a">zdb</marc:subfield>
    </marc:datafield>
    <marc:datafield tag="044" ind1=" " ind2=" ">
      <marc:subfield code="c">XA-DE</marc:subfield>
    </marc:datafield>
    <marc:datafield tag="082" ind1="7" ind2="4">
      <marc:subfield code="a">370</marc:subfield>
      <marc:subfield code="q">DE-101</marc:subfield>
      <marc:subfield code="2">22sdnb</marc:subfield>
    </marc:datafield>
    <marc:datafield tag="083" ind1="7" ind2=" ">
      <marc:subfield code="a">370</marc:subfield>
      <marc:subfield code="q">DE-600</marc:subfield>
      <marc:subfield code="2">22sdnb</marc:subfield>
    </marc:datafield>
    <marc:datafield tag="084" ind1=" " ind2=" ">
      <marc:subfield code="a">5,3</marc:subfield>
      <marc:subfield code="2">ssgn</marc:subfield>
    </marc:datafield>
    <marc:datafield tag="084" ind1=" " ind2=" ">
      <marc:subfield code="a">120</marc:subfield>
      <marc:subfield code="2">rpb</marc:subfield>
    </marc:datafield>
    <marc:datafield tag="084" ind1=" " ind2=" ">
      <marc:subfield code="a">DB 1000</marc:subfield>
      <marc:subfield code="2">rvk</marc:subfield>
    </marc:datafield>
    <marc:datafield tag="245" ind1="0" ind2="0">
      <marc:subfield code="a">Erziehungswissenschaftliche Dokumentation</marc:subfield>
      <marc:subfield code="b">bibliographische Berichte d. Duisburger Lehrerbücherei in der Stadtbibliothek Duisburg</marc:subfield>
      <marc:subfield code="n">Reihe C</marc:subfield>
      <marc:subfield code="p">Pädagogischer Jahresbericht : ständige Auswertung erziehungswissenschaftlicher und fachdidaktischer Zeitschriften, Sammelwerke und Monographien des deutschen Sprachgebiets</marc:subfield>
      <marc:subfield code="c">bearb. von Heiner Schmidt</marc:subfield>
    </marc:datafield>
    <marc:datafield tag="246" ind1="1" ind2="3">
      <marc:subfield code="a">Erziehungswissenschaftliche Dokumentation / C</marc:subfield>
    </marc:datafield>
    <marc:datafield tag="246" ind1="3" ind2=" ">
      <marc:subfield code="a">Pädagogischer Jahresbericht</marc:subfield>
    </marc:datafield>
    <marc:datafield tag="264" ind1="3" ind2="1">
      <marc:subfield code="a">Duisburg</marc:subfield>
      <marc:subfield code="b">Verl. für Pädagog. Dokumentation</marc:subfield>
      <marc:subfield code="c">1971-1985</marc:subfield>
    </marc:datafield>
    <marc:datafield tag="264" ind1=" " ind2="1">
      <marc:subfield code="3">-1974,3</marc:subfield>
      <marc:subfield code="a">Weinheim</marc:subfield>
      <marc:subfield code="a">Basel</marc:subfield>
      <marc:subfield code="b">Beltz</marc:subfield>
    </marc:datafield>
    <marc:datafield tag="336" ind1=" " ind2=" ">
      <marc:subfield code="a">Text</marc:subfield>
      <marc:subfield code="b">txt</marc:subfield>
      <marc:subfield code="2">rdacontent</marc:subfield>
    </marc:datafield>
    <marc:datafield tag="337" ind1=" " ind2=" ">
      <marc:subfield code="a">ohne Hilfsmittel zu benutzen</marc:subfield>
      <marc:subfield code="b">n</marc:subfield>
      <marc:subfield code="2">rdamedia</marc:subfield>
    </marc:datafield>
    <marc:datafield tag="338" ind1=" " ind2=" ">
      <marc:subfield code="a">Band</marc:subfield>
      <marc:subfield code="b">nc</marc:subfield>
      <marc:subfield code="2">rdacarrier</marc:subfield>
    </marc:datafield>
    <marc:datafield tag="362" ind1="0" ind2=" ">
      <marc:subfield code="a">[1.]1968(1971/72) - [9.]1976(1977/78); 10.1977(1978/79) - 15.1982(1984/85),2</marc:subfield>
    </marc:datafield>
    <marc:datafield tag="363" ind1="0" ind2="0">
      <marc:subfield code="8">1.1\x</marc:subfield>
      <marc:subfield code="a">1</marc:subfield>
      <marc:subfield code="i">1968</marc:subfield>
    </marc:datafield>
    <marc:datafield tag="363" ind1="1" ind2="0">
      <marc:subfield code="8">1.2\x</marc:subfield>
      <marc:subfield code="a">9</marc:subfield>
      <marc:subfield code="i">1976</marc:subfield>
    </marc:datafield>
    <marc:datafield tag="363" ind1="0" ind2="0">
      <marc:subfield code="8">2.1\x</marc:subfield>
      <marc:subfield code="a">10</marc:subfield>
      <marc:subfield code="i">1977</marc:subfield>
    </marc:datafield>
    <marc:datafield tag="363" ind1="1" ind2="0">
      <marc:subfield code="8">2.2\x</marc:subfield>
      <marc:subfield code="a">15</marc:subfield>
      <marc:subfield code="b">2</marc:subfield>
      <marc:subfield code="i">1982</marc:subfield>
    </marc:datafield>
    <marc:datafield tag="583" ind1="1" ind2=" ">
      <marc:subfield code="a">Archivierung/Langzeitarchivierung gewährleistet</marc:subfield>
      <marc:subfield code="c">2020</marc:subfield>
      <marc:subfield code="f">PENW</marc:subfield>
      <marc:subfield code="5">DE-5</marc:subfield>
      <marc:subfield code="2">pdager</marc:subfield>
    </marc:datafield>
    <marc:datafield tag="591" ind1=" " ind2=" ">
      <marc:subfield code="a">MX!Autopsie708!(Kopie)</marc:subfield>
    </marc:datafield>
    <marc:datafield tag="650" ind1=" " ind2="7">
      <marc:subfield code="0">(DE-588)4044302-4</marc:subfield>
      <marc:subfield code="0">https://d-nb.info/gnd/4044302-4</marc:subfield>
      <marc:subfield code="0">(DE-101)040443027</marc:subfield>
      <marc:subfield code="a">Pädagogik</marc:subfield>
      <marc:subfield code="9">rswk-swf</marc:subfield>
      <marc:subfield code="2">gnd</marc:subfield>
    </marc:datafield>
    <marc:datafield tag="650" ind1=" " ind2="7">
      <marc:subfield code="0">(DE-588)4006432-3</marc:subfield>
      <marc:subfield code="0">https://d-nb.info/gnd/4006432-3</marc:subfield>
      <marc:subfield code="0">(DE-101)040064328</marc:subfield>
      <marc:subfield code="a">Bibliografie</marc:subfield>
      <marc:subfield code="9">rswk-swf</marc:subfield>
      <marc:subfield code="2">gnd</marc:subfield>
    </marc:datafield>
    <marc:datafield tag="650" ind1=" " ind2="7">
      <marc:subfield code="0">(DE-588)4044302-4</marc:subfield>
      <marc:subfield code="0">https://d-nb.info/gnd/4044302-4</marc:subfield>
      <marc:subfield code="0">(DE-101)040443027</marc:subfield>
      <marc:subfield code="a">Pädagogik</marc:subfield>
      <marc:subfield code="9">rswk-swf</marc:subfield>
      <marc:subfield code="2">gnd</marc:subfield>
    </marc:datafield>
    <marc:datafield tag="650" ind1=" " ind2="7">
      <marc:subfield code="0">(DE-588)4185172-9</marc:subfield>
      <marc:subfield code="0">https://d-nb.info/gnd/4185172-9</marc:subfield>
      <marc:subfield code="0">(DE-101)041851722</marc:subfield>
      <marc:subfield code="a">Thesaurus</marc:subfield>
      <marc:subfield code="9">rswk-swf</marc:subfield>
      <marc:subfield code="2">gnd</marc:subfield>
    </marc:datafield>
    <marc:datafield tag="650" ind1=" " ind2="7">
      <marc:subfield code="0">(DE-588)4044302-4</marc:subfield>
      <marc:subfield code="0">https://d-nb.info/gnd/4044302-4</marc:subfield>
      <marc:subfield code="0">(DE-101)040443027</marc:subfield>
      <marc:subfield code="a">Pädagogik</marc:subfield>
      <marc:subfield code="9">rswk-swf</marc:subfield>
      <marc:subfield code="2">gnd</marc:subfield>
    </marc:datafield>
    <marc:datafield tag="650" ind1=" " ind2="7">
      <marc:subfield code="0">(DE-588)4044302-4</marc:subfield>
      <marc:subfield code="0">https://d-nb.info/gnd/4044302-4</marc:subfield>
      <marc:subfield code="0">(DE-101)040443027</marc:subfield>
      <marc:subfield code="a">Pädagogik</marc:subfield>
      <marc:subfield code="9">rswk-swf</marc:subfield>
      <marc:subfield code="2">gnd</marc:subfield>
    </marc:datafield>
    <marc:datafield tag="650" ind1=" " ind2="7">
      <marc:subfield code="a">Erziehung</marc:subfield>
      <marc:subfield code="x">Bibliographie</marc:subfield>
      <marc:subfield code="2">local</marc:subfield>
    </marc:datafield>
    <marc:datafield tag="650" ind1=" " ind2="7">
      <marc:subfield code="a">Unterricht</marc:subfield>
      <marc:subfield code="x">Bibliographie</marc:subfield>
      <marc:subfield code="2">local</marc:subfield>
    </marc:datafield>
    <marc:datafield tag="650" ind1=" " ind2="7">
      <marc:subfield code="8">3\p</marc:subfield>
      <marc:subfield code="0">(DE-588)4015482-8</marc:subfield>
      <marc:subfield code="0">https://d-nb.info/gnd/4015482-8</marc:subfield>
      <marc:subfield code="0">(DE-101)040154823</marc:subfield>
      <marc:subfield code="a">Erziehung</marc:subfield>
      <marc:subfield code="2">gnd</marc:subfield>
    </marc:datafield>
    <marc:datafield tag="650" ind1=" " ind2="7">
      <marc:subfield code="8">4\p</marc:subfield>
      <marc:subfield code="0">(DE-588)4062005-0</marc:subfield>
      <marc:subfield code="0">https://d-nb.info/gnd/4062005-0</marc:subfield>
      <marc:subfield code="0">(DE-101)040620050</marc:subfield>
      <marc:subfield code="a">Unterricht</marc:subfield>
      <marc:subfield code="2">gnd</marc:subfield>
    </marc:datafield>
    <marc:datafield tag="651" ind1=" " ind2="7">
      <marc:subfield code="a">Österreich</marc:subfield>
      <marc:subfield code="2">local</marc:subfield>
    </marc:datafield>
    <marc:datafield tag="651" ind1=" " ind2="7">
      <marc:subfield code="a">Schweiz</marc:subfield>
      <marc:subfield code="2">local</marc:subfield>
    </marc:datafield>
    <marc:datafield tag="651" ind1=" " ind2="7">
      <marc:subfield code="a">Deutschland &lt;DDR&gt;</marc:subfield>
      <marc:subfield code="2">local</marc:subfield>
    </marc:datafield>
    <marc:datafield tag="651" ind1=" " ind2="7">
      <marc:subfield code="8">5\p</marc:subfield>
      <marc:subfield code="0">(DE-588)4043271-3</marc:subfield>
      <marc:subfield code="0">https://d-nb.info/gnd/4043271-3</marc:subfield>
      <marc:subfield code="0">(DE-101)040432718</marc:subfield>
      <marc:subfield code="a">Österreich</marc:subfield>
      <marc:subfield code="2">gnd</marc:subfield>
    </marc:datafield>
    <marc:datafield tag="651" ind1=" " ind2="7">
      <marc:subfield code="8">6\p</marc:subfield>
      <marc:subfield code="0">(DE-588)4053881-3</marc:subfield>
      <marc:subfield code="0">https://d-nb.info/gnd/4053881-3</marc:subfield>
      <marc:subfield code="0">(DE-101)040538818</marc:subfield>
      <marc:subfield code="a">Schweiz</marc:subfield>
      <marc:subfield code="2">gnd</marc:subfield>
    </marc:datafield>
    <marc:datafield tag="651" ind1=" " ind2="7">
      <marc:subfield code="8">7\p</marc:subfield>
      <marc:subfield code="0">(DE-588)4011890-3</marc:subfield>
      <marc:subfield code="0">https://d-nb.info/gnd/4011890-3</marc:subfield>
      <marc:subfield code="0">(DE-101)040118908</marc:subfield>
      <marc:subfield code="a">Deutschland</marc:subfield>
      <marc:subfield code="g">DDR</marc:subfield>
      <marc:subfield code="2">gnd</marc:subfield>
    </marc:datafield>
    <marc:datafield tag="655" ind1=" " ind2="7">
      <marc:subfield code="0">(DE-588)4067488-5</marc:subfield>
      <marc:subfield code="0">https://d-nb.info/gnd/4067488-5</marc:subfield>
      <marc:subfield code="0">(DE-101)040674886</marc:subfield>
      <marc:subfield code="a">Zeitschrift</marc:subfield>
      <marc:subfield code="2">gnd-content</marc:subfield>
    </marc:datafield>
    <marc:datafield tag="655" ind1=" " ind2="7">
      <marc:subfield code="0">(DE-588)4006432-3</marc:subfield>
      <marc:subfield code="0">https://d-nb.info/gnd/4006432-3</marc:subfield>
      <marc:subfield code="0">(DE-101)040064328</marc:subfield>
      <marc:subfield code="a">Bibliografie</marc:subfield>
      <marc:subfield code="2">gnd-content</marc:subfield>
    </marc:datafield>
    <marc:datafield tag="655" ind1=" " ind2="7">
      <marc:subfield code="a">Bibliographie 1945-1972</marc:subfield>
      <marc:subfield code="9">rswk-swf</marc:subfield>
      <marc:subfield code="2">gnd</marc:subfield>
    </marc:datafield>
    <marc:datafield tag="655" ind1=" " ind2="7">
      <marc:subfield code="a">Bibliographie</marc:subfield>
      <marc:subfield code="9">rswk-swf</marc:subfield>
      <marc:subfield code="2">gnd</marc:subfield>
    </marc:datafield>
    <marc:datafield tag="689" ind1="0" ind2="0">
      <marc:subfield code="0">(DE-588)4044302-4</marc:subfield>
      <marc:subfield code="0">https://d-nb.info/gnd/4044302-4</marc:subfield>
      <marc:subfield code="0">(DE-101)040443027</marc:subfield>
      <marc:subfield code="D">s</marc:subfield>
      <marc:subfield code="a">Pädagogik</marc:subfield>
    </marc:datafield>
    <marc:datafield tag="689" ind1="0" ind2="1">
      <marc:subfield code="0">(DE-588)4006432-3</marc:subfield>
      <marc:subfield code="0">https://d-nb.info/gnd/4006432-3</marc:subfield>
      <marc:subfield code="0">(DE-101)040064328</marc:subfield>
      <marc:subfield code="D">s</marc:subfield>
      <marc:subfield code="a">Bibliografie</marc:subfield>
    </marc:datafield>
    <marc:datafield tag="689" ind1="0" ind2=" ">
      <marc:subfield code="5">DE-600</marc:subfield>
      <marc:subfield code="5">DE-600</marc:subfield>
    </marc:datafield>
    <marc:datafield tag="689" ind1="1" ind2="0">
      <marc:subfield code="0">(DE-588)4044302-4</marc:subfield>
      <marc:subfield code="0">https://d-nb.info/gnd/4044302-4</marc:subfield>
      <marc:subfield code="0">(DE-101)040443027</marc:subfield>
      <marc:subfield code="D">s</marc:subfield>
      <marc:subfield code="a">Pädagogik</marc:subfield>
    </marc:datafield>
    <marc:datafield tag="689" ind1="1" ind2="1">
      <marc:subfield code="0">(DE-588)4185172-9</marc:subfield>
      <marc:subfield code="0">https://d-nb.info/gnd/4185172-9</marc:subfield>
      <marc:subfield code="0">(DE-101)041851722</marc:subfield>
      <marc:subfield code="D">s</marc:subfield>
      <marc:subfield code="a">Thesaurus</marc:subfield>
    </marc:datafield>
    <marc:datafield tag="689" ind1="1" ind2=" ">
      <marc:subfield code="5">DE-600</marc:subfield>
      <marc:subfield code="5">DE-600</marc:subfield>
    </marc:datafield>
    <marc:datafield tag="689" ind1="2" ind2="0">
      <marc:subfield code="0">(DE-588)4044302-4</marc:subfield>
      <marc:subfield code="0">https://d-nb.info/gnd/4044302-4</marc:subfield>
      <marc:subfield code="0">(DE-101)040443027</marc:subfield>
      <marc:subfield code="D">s</marc:subfield>
      <marc:subfield code="a">Pädagogik</marc:subfield>
    </marc:datafield>
    <marc:datafield tag="689" ind1="2" ind2="1">
      <marc:subfield code="A">f</marc:subfield>
      <marc:subfield code="a">Bibliographie 1945-1972</marc:subfield>
    </marc:datafield>
    <marc:datafield tag="689" ind1="2" ind2=" ">
      <marc:subfield code="5">DE-600</marc:subfield>
      <marc:subfield code="5">DE-600</marc:subfield>
    </marc:datafield>
    <marc:datafield tag="689" ind1="3" ind2="0">
      <marc:subfield code="0">(DE-588)4044302-4</marc:subfield>
      <marc:subfield code="0">https://d-nb.info/gnd/4044302-4</marc:subfield>
      <marc:subfield code="0">(DE-101)040443027</marc:subfield>
      <marc:subfield code="D">s</marc:subfield>
      <marc:subfield code="a">Pädagogik</marc:subfield>
    </marc:datafield>
    <marc:datafield tag="689" ind1="3" ind2="1">
      <marc:subfield code="A">f</marc:subfield>
      <marc:subfield code="a">Bibliographie</marc:subfield>
    </marc:datafield>
    <marc:datafield tag="689" ind1="3" ind2=" ">
      <marc:subfield code="5">DE-600</marc:subfield>
      <marc:subfield code="5">DE-600</marc:subfield>
    </marc:datafield>
    <marc:datafield tag="700" ind1="1" ind2=" ">
      <marc:subfield code="0">(DE-588)118884999</marc:subfield>
      <marc:subfield code="0">https://d-nb.info/gnd/118884999</marc:subfield>
      <marc:subfield code="0">(DE-101)118884999</marc:subfield>
      <marc:subfield code="a">Schmidt, Heiner</marc:subfield>
      <marc:subfield code="d">1929-2016</marc:subfield>
      <marc:subfield code="e">Mitwirkender</marc:subfield>
      <marc:subfield code="4">ctb</marc:subfield>
      <marc:subfield code="2">gnd</marc:subfield>
    </marc:datafield>
    <marc:datafield tag="710" ind1="2" ind2=" ">
      <marc:subfield code="0">(DE-588)2009363-9</marc:subfield>
      <marc:subfield code="0">https://d-nb.info/gnd/2009363-9</marc:subfield>
      <marc:subfield code="0">(DE-101)004690176</marc:subfield>
      <marc:subfield code="a">Duisburger Lehrerbücherei</marc:subfield>
      <marc:subfield code="e">Herausgebendes Organ</marc:subfield>
      <marc:subfield code="4">isb</marc:subfield>
      <marc:subfield code="2">gnd</marc:subfield>
    </marc:datafield>
    <marc:datafield tag="780" ind1="0" ind2="0">
      <marc:subfield code="i">Vorg.:</marc:subfield>
      <marc:subfield code="t">Erziehungswissenschaftliche Dokumentation / A. Reihe A, Inhalt neuerer pädagogischer Zeitschriften und Serien im deutschen Sprachgebiet</marc:subfield>
      <marc:subfield code="d">Weinheim ; Berlin ; Basel : Beltz, 1968-1970</marc:subfield>
      <marc:subfield code="x">0342-0604</marc:subfield>
      <marc:subfield code="w">(DE-600)391558-X</marc:subfield>
      <marc:subfield code="w">(DE-101)012156604</marc:subfield>
    </marc:datafield>
    <marc:datafield tag="780" ind1="0" ind2="0">
      <marc:subfield code="i">Darin aufgeg.</marc:subfield>
      <marc:subfield code="t">Erziehungswissenschaftliche Dokumentation / B</marc:subfield>
      <marc:subfield code="d">Duisburg : Verl. für Pädagog. Dokumentation, 1973-1976</marc:subfield>
      <marc:subfield code="x">0342-0590</marc:subfield>
      <marc:subfield code="w">(DE-600)187275-8</marc:subfield>
      <marc:subfield code="w">(DE-101)01102691X</marc:subfield>
    </marc:datafield>
    <marc:datafield tag="785" ind1="0" ind2="0">
      <marc:subfield code="i">Aufgeg. in</marc:subfield>
      <marc:subfield code="t">Zentralblatt für Erziehungswissenschaft und Schule</marc:subfield>
      <marc:subfield code="d">Duisburg : Verl. für Pädagog. Dokumentation, 1980-1994</marc:subfield>
      <marc:subfield code="x">0172-9357</marc:subfield>
      <marc:subfield code="w">(DE-600)136397-9</marc:subfield>
      <marc:subfield code="w">(DE-101)01079543X</marc:subfield>
    </marc:datafield>
    <marc:datafield tag="850" ind1=" " ind2=" ">
      <marc:subfield code="a">DE-101a</marc:subfield>
      <marc:subfield code="a">DE-101b</marc:subfield>
    </marc:datafield>
    <marc:datafield tag="883" ind1="1" ind2=" ">
      <marc:subfield code="8">3\p</marc:subfield>
      <marc:subfield code="a">kasw</marc:subfield>
      <marc:subfield code="c">1,000</marc:subfield>
      <marc:subfield code="d">20230807</marc:subfield>
      <marc:subfield code="q">DE-101</marc:subfield>
      <marc:subfield code="u">https://d-nb.info/provenance/plan#kasw</marc:subfield>
    </marc:datafield>
    <marc:datafield tag="883" ind1="1" ind2=" ">
      <marc:subfield code="8">4\p</marc:subfield>
      <marc:subfield code="a">kasw</marc:subfield>
      <marc:subfield code="c">1,000</marc:subfield>
      <marc:subfield code="d">20230807</marc:subfield>
      <marc:subfield code="q">DE-101</marc:subfield>
      <marc:subfield code="u">https://d-nb.info/provenance/plan#kasw</marc:subfield>
    </marc:datafield>
    <marc:datafield tag="883" ind1="1" ind2=" ">
      <marc:subfield code="8">5\p</marc:subfield>
      <marc:subfield code="a">kasw</marc:subfield>
      <marc:subfield code="c">1,000</marc:subfield>
      <marc:subfield code="d">20230807</marc:subfield>
      <marc:subfield code="q">DE-101</marc:subfield>
      <marc:subfield code="u">https://d-nb.info/provenance/plan#kasw</marc:subfield>
    </marc:datafield>
    <marc:datafield tag="883" ind1="1" ind2=" ">
      <marc:subfield code="8">6\p</marc:subfield>
      <marc:subfield code="a">kasw</marc:subfield>
      <marc:subfield code="c">1,000</marc:subfield>
      <marc:subfield code="d">20230807</marc:subfield>
      <marc:subfield code="q">DE-101</marc:subfield>
      <marc:subfield code="u">https://d-nb.info/provenance/plan#kasw</marc:subfield>
    </marc:datafield>
    <marc:datafield tag="883" ind1="1" ind2=" ">
      <marc:subfield code="8">7\p</marc:subfield>
      <marc:subfield code="a">kasw</marc:subfield>
      <marc:subfield code="c">1,000</marc:subfield>
      <marc:subfield code="d">20230807</marc:subfield>
      <marc:subfield code="q">DE-101</marc:subfield>
      <marc:subfield code="u">https://d-nb.info/provenance/plan#kasw</marc:subfield>
    </marc:datafield>
    <marc:datafield tag="889" ind1=" " ind2=" ">
      <marc:subfield code="w">(DE-101)550291695</marc:subfield>
    </marc:datafield>
    <marc:datafield tag="930" ind1=" " ind2=" ">
      <marc:subfield code="l">Reihe C</marc:subfield>
      <marc:subfield code="a">Pädagogischer Jahresbericht</marc:subfield>
      <marc:subfield code="d">ständige Auswertung erziehungswissenschaftlicher und fachdidaktischer Zeitschriften, Sammelwerke und Monographien des deutschen Sprachgebiets</marc:subfield>
    </marc:datafield>
  </marc:record>
</marc:collection>
